The future of statistics : proceedings of a Conference on the Future of Statistics held at the University of Wisconsin, Madison, Wisconsin, June 1967 /
Guardado en:
| Autor Corporativo: | |
|---|---|
| Otros Autores: | |
| Formato: | Libro |
| Idioma: | English |
| Publicado: |
New York :
Academic Press,
1968.
|
| Materias: | |
| Etiquetas: |
Agregar Etiqueta
Sin Etiquetas, Sea el primero en etiquetar este registro!
|
| LEADER | 00821nam a22002051a 4500 | ||
|---|---|---|---|
| 001 | MAT.inmabb004746 | ||
| 008 | 681211s1968####nyua#####b####101#0#eng## | ||
| 005 | 20170522170902.0 | ||
| 245 | 1 | 4 | |a The future of statistics : |b proceedings of a Conference on the Future of Statistics held at the University of Wisconsin, Madison, Wisconsin, June 1967 / |c edited by Donald G. Watts. |
| 260 | |a New York : |b Academic Press, |c 1968. | ||
| 300 | |a xvi, 315 p. : |b il. ; |c 24 cm. | ||
| 504 | |a Incluye referencias bibliográficas. | ||
| 510 | 4 | |a MR, |c 38 #2856 | |
| 111 | 2 | |a Conference on the Future of Statistics |d (1967 : |c University of Wisconsin) | |
| 700 | 1 | |a Watts, Donald G. |4 edt | |
| 650 | 0 | |a Statistics |x Congresses. | |
| 084 | |a 62-06 |2 MR | ||
| 010 | |a 68023473 | ||
| 040 | |a DLC |c DLC |d DLC | ||
| 859 | |h 62 |i C748-1967 |p A-4180 |b BIB. MATEMATICA | ||
